<?xml version="1.0" encoding="UTF-8"?>
<record
    xmlns:xsi="http://www.w3.org/2001/XMLSchema-instance"
    xsi:schemaLocation="http://www.loc.gov/MARC21/slim http://www.loc.gov/standards/marcxml/schema/MARC21slim.xsd"
    xmlns="http://www.loc.gov/MARC21/slim">

  <leader>00317    a2200109   4500</leader>
  <datafield tag="100" ind1=" " ind2=" ">
    <subfield code="a">FUGU,Mohammed </subfield>
    <subfield code="9">24108</subfield>
  </datafield>
  <datafield tag="245" ind1=" " ind2=" ">
    <subfield code="a">Sawla- Bole Highway reopened to traffic</subfield>
  </datafield>
  <datafield tag="300" ind1=" " ind2=" ">
    <subfield code="a">Friday,September 29,2023 Page 32</subfield>
  </datafield>
  <datafield tag="650" ind1=" " ind2=" ">
    <subfield code="a">Transport</subfield>
    <subfield code="9">13806</subfield>
  </datafield>
  <datafield tag="773" ind1="0" ind2=" ">
    <subfield code="d">Accra Daily Graphic 2023</subfield>
    <subfield code="x">0855-1529</subfield>
    <subfield code="t">Daily Graphic</subfield>
  </datafield>
  <datafield tag="942" ind1=" " ind2=" ">
    <subfield code="c">PR</subfield>
  </datafield>
  <datafield tag="999" ind1=" " ind2=" ">
    <subfield code="c">48144</subfield>
    <subfield code="d">48144</subfield>
  </datafield>
</record>
